000 00468nam a2200157 i 4500
001 62829
003 ES-MaACL
005 20230906164733.0
007 t|
008 031126s1959 sp ||||1| spa d
100 1 _aFernández Molina, Antonio.
_949932
245 1 0 _aSueños y paisajes terráqueos
_b: (poema) /
_cAntonio Fernández Molina.
260 _aBilbao :
_bAlrededor de la mesa,
_c[1959]
300 _a46 p. ;
_c20 cm.
852 _aES-MaACL
_j2019-F-2
_bR.46194
999 _c62829
_d62829